[Event "Tradewise Gibraltar Chess Festival 2013"]
[Site "Gibraltar ENG"]
[Date "2013.01.24"]
[Round "3.1"]
[White "Adams, Michael"]
[Black "Kanep, Meelis"]
[Result "1-0"]
[WhiteElo "2725"]
[BlackElo "2512"]
[PlyCount "159"]
[EventDate "2013.01.22"]
[EventType "swiss"]
[EventRounds "10"]
[EventCountry "ENG"]
[Source "lmi"]
[SourceDate "2013.01.22"]

1. c4 Nf6 2. g3 c6 3. Bg2 d5 4. Nf3 dxc4 5. O-O Nbd7 6. Na3 Nb6 7. Qc2 Qd5 8.
b3 cxb3 9. axb3 g6 10. Nc4 Nxc4 11. bxc4 Qh5 12. d3 Bg7 13. Ba3 c5 14. Bb2 O-O
15. Ra3 Bd7 16. Rfa1 a6 17. Ne5 Rab8 18. h4 Ng4 19. Nxd7 Qf5 20. Bf3 Qxd7 21.
Bxg7 Kxg7 22. Qb2+ Kg8 23. Rb3 b5 24. Rxa6 b4 25. Qa1 h5 26. Rb1 Qf5 27. Ra5
Rfc8 28. Rb5 Qd7 29. Ra5 Rb6 30. Kg2 Rf6 31. Qb2 Qd6 32. d4 cxd4 33. Rd5 Qc7
34. Rxd4 Ne5 35. Qxb4 Nxf3 36. exf3 Rc6 37. Rc1 e6 38. Qd2 Qe5 39. Re1 Qf6 40.
Qd3 Rc5 41. Ree4 R8c7 42. Rd7 Rxd7 43. Qxd7 Rf5 44. Qd3 Qe7 45. Rd4 Rc5 46. Rd7
Qf6 47. Rb7 Rc8 48. Qe4 Kg7 49. Rd7 Qf5 50. Qe2 Qf6 51. Qd3 Qf5 52. Qc3+ Qf6
53. Qb4 Qf5 54. Qb3 Qf6 55. Rb7 Qe5 56. Qd3 Qf6 57. Qe4 Kg8 58. Ra7 Kg7 59. Ra8
Rc5 60. Qd3 Rc7 61. Ra5 Rc8 62. c5 Qe5 63. Qc4 Rd8 64. Ra3 Rd5 65. Rc3 Rd4 66.
Qb3 Qe1 67. Qb2 e5 68. Rc1 Rd2 69. Rxe1 Rxb2 70. Rxe5 Rc2 71. g4 Kf6 72. Rg5
Ke6 73. Kg3 Rc4 74. gxh5 gxh5 75. Rxh5 f6 76. f4 Rc3+ 77. Kg4 Kf7 78. Rd5 Ke6
79. Rd6+ Ke7 80. Rc6 1-0

[Event "Tradewise Gibraltar Chess Festival 2013"]
[Site "Gibraltar ENG"]
[Date "2013.01.24"]
[Round "3.5"]
[White "Gallagher, Joseph G"]
[Black "Le, Quang Liem"]
[Result "0-1"]
[WhiteElo "2499"]
[BlackElo "2705"]
[PlyCount "112"]
[EventDate "2013.01.22"]
[EventType "swiss"]
[EventRounds "10"]
[EventCountry "ENG"]
[Source "lmi"]
[SourceDate "2013.01.22"]

1. e4 c5 2. Nf3 e6 3. d4 cxd4 4. Nxd4 Nf6 5. Nc3 d6 6. g4 h6 7. h4 e5 8. Bb5+
Nbd7 9. Nf5 a6 10. Bxd7+ Qxd7 11. Qf3 h5 12. gxh5 Nxh5 13. Nd5 Qc6 14. Be3 Be6
15. O-O-O Rc8 16. c3 Bxd5 17. Rxd5 Nf6 18. Rxd6 Bxd6 19. Nxg7+ Ke7 20. Bg5 Bc7
21. Rd1 Rcd8 22. Rd5 Rhg8 23. Rc5 Qxc5 24. Qxf6+ Kd7 25. Qxf7+ Kc8 26. Bxd8
Rxd8 27. Ne6 Qd6 28. Nxd8 Bxd8 29. h5 Qf6 30. Qc4+ Kb8 31. Qe2 Bb6 32. Kc2 Ka7
33. a4 Qh4 34. b4 Bxf2 35. a5 Bg1 36. Kb3 Qh3 37. Kb2 Be3 38. Qd3 Qh2+ 39. Kb3
Qg1 40. Kb2 Bf4 41. Kb3 Qh1 42. Qe2 Qb1+ 43. Kc4 Kb8 44. Qg2 Be3 45. Qf3 Qa2+
46. Kd3 Qd2+ 47. Kc4 Ka7 48. Qh1 Qc2 49. Qf3 Bf4 50. Qh1 Kb8 51. Qf3 Kc7 52.
Qh1 Kc6 53. Qf3 Qa2+ 54. Kd3 Kb5 55. Qd1 Qf2 56. c4+ Kxb4 0-1

[Event "Tradewise Gibraltar Chess Festival 2013"]
[Site "Gibraltar ENG"]
[Date "2013.01.24"]
[Round "3.6"]
[White "Mastrovasilis, Athanasios"]
[Black "Vitiugov, Nikita"]
[Result "0-1"]
[WhiteElo "2498"]
[BlackElo "2694"]
[PlyCount "66"]
[EventDate "2013.01.22"]
[EventType "swiss"]
[EventRounds "10"]
[EventCountry "ENG"]
[Source "lmi"]
[SourceDate "2013.01.22"]

1. d4 Nf6 2. c4 e6 3. g3 Bb4+ 4. Nd2 O-O 5. Bg2 d5 6. Ngf3 b6 7. a3 Be7 8. Qc2
Bb7 9. cxd5 exd5 10. Ne5 c5 11. dxc5 bxc5 12. O-O Re8 13. Ndf3 Bd6 14. Nd3 Na6
15. Rd1 Qe7 16. Bf4 c4 17. Nde5 Nc5 18. Bh3 Nfe4 19. Ng4 Bxf4 20. gxf4 Nb3 21.
Rab1 f6 22. Bg2 Qc5 23. Rbc1 Nxc1 24. Qxc1 Rac8 25. Ne3 c3 26. Nd4 Qb6 27. b4
Nd2 28. Rxd2 cxd2 29. Qxd2 Qc7 30. Bxd5+ Bxd5 31. Nxd5 Qd7 32. Nc2 Rcd8 33.
Nce3 Rxe3 0-1

[Event "Tradewise Gibraltar Chess Festival 2013"]
[Site "Gibraltar ENG"]
[Date "2013.01.24"]
[Round "3.8"]
[White "Gunina, Valentina"]
[Black "Iturrizaga, Eduardo"]
[Result "0-1"]
[WhiteElo "2490"]
[BlackElo "2650"]
[PlyCount "76"]
[EventDate "2013.01.22"]
[EventType "swiss"]
[EventRounds "10"]
[EventCountry "ENG"]
[Source "lmi"]
[SourceDate "2013.01.22"]

1. d4 g6 2. c4 Bg7 3. e4 d6 4. Nc3 Nc6 5. Be3 Nf6 6. f3 O-O 7. Nge2 a6 8. Qd2
Rb8 9. d5 Ne5 10. Ng3 c5 11. a4 Qa5 12. Be2 Qb4 13. Nb1 Qxd2+ 14. Kxd2 b5 15.
cxb5 axb5 16. Bxb5 Bd7 17. Na3 Bxb5 18. axb5 Ne8 19. Ne2 f5 20. Nc3 fxe4 21.
fxe4 Ng4 22. Rhf1 Rxf1 23. Rxf1 Nxh2 24. Rb1 Nc7 25. Bg5 Kf7 26. Rh1 h6 27.
Bxe7 Be5 28. Nc4 Bf4+ 29. Kd3 Kxe7 30. Ne2 Ng4 31. Nxf4 Nf2+ 32. Ke3 Nxh1 33.
b6 Na8 34. Nxg6+ Kd7 35. b7 Rxb7 36. e5 Rb3+ 37. Kd2 Nb6 38. Kc2 Rb4 0-1

[Event "Tradewise Gibraltar Chess Festival 2013"]
[Site "Gibraltar ENG"]
[Date "2013.01.24"]
[Round "3.9"]
[White "Tkachiev, Vladislav"]
[Black "Paehtz, Elisabeth"]
[Result "1-0"]
[WhiteElo "2650"]
[BlackElo "2482"]
[PlyCount "79"]
[EventDate "2013.01.22"]
[EventType "swiss"]
[EventRounds "10"]
[EventCountry "ENG"]
[Source "lmi"]
[SourceDate "2013.01.22"]

1. c4 g6 2. d4 Bg7 3. Nf3 d6 4. g3 Nf6 5. Bg2 O-O 6. Nc3 Nc6 7. O-O a6 8. Re1
Rb8 9. Rb1 Bf5 10. e4 Bg4 11. Be3 Nd7 12. Ne2 Na5 13. Nd2 Bxe2 14. Qxe2 c5 15.
dxc5 dxc5 16. f4 e5 17. Nb3 Nc6 18. Nxc5 exf4 19. Nxd7 fxe3 20. Nxf8 Qxf8 21.
e5 Nxe5 22. Qxe3 Nxc4 23. Qe7 b5 24. b3 Qxe7 25. Rxe7 Bd4+ 26. Kh1 Ne3 27. Bh3
Bb6 28. Re1 Nc2 29. Re8+ Rxe8 30. Rxe8+ Kg7 31. Rb8 Bd4 32. Ra8 b4 33. Rxa6 Bc3
34. Ra7 Kf6 35. Bf1 Na3 36. Kg2 h5 37. Kf3 Ke6 38. Bc4+ Nxc4 39. bxc4 f6 40.
Ke4 1-0

[Event "Tradewise Gibraltar Chess Festival 2013"]
[Site "Gibraltar ENG"]
[Date "2013.01.24"]
[Round "3.10"]
[White "Oparin, Grigoriy"]
[Black "Georgiev, Kiril"]
[Result "1/2-1/2"]
[WhiteElo "2478"]
[BlackElo "2643"]
[PlyCount "71"]
[EventDate "2013.01.22"]
[EventType "swiss"]
[EventRounds "10"]
[EventCountry "ENG"]
[Source "lmi"]
[SourceDate "2013.01.22"]

1. e4 e5 2. Nf3 Nf6 3. d4 Nxe4 4. Bd3 d5 5. Nxe5 Nd7 6. Nc3 Nxe5 7. dxe5 Nc5 8.
Nxd5 Nxd3+ 9. Qxd3 Be6 10. Nf4 Qxd3 11. Nxd3 O-O-O 12. Be3 Be7 13. O-O-O Rhe8
14. a3 Rd5 15. Rhe1 g5 16. f4 gxf4 17. Bxf4 Bf5 18. Nb4 Rc5 19. c3 Bf8 20. Nc2
Bg7 21. Nd4 Bxe5 22. Bxe5 Rcxe5 23. Rxe5 Rxe5 24. Nxf5 Rxf5 25. Rd4 c5 26. Rh4
h5 27. b4 Kd7 28. Kd2 cxb4 29. cxb4 Rf2+ 30. Kc3 Rxg2 31. Rxh5 Ke6 32. a4 Rg7
33. Rb5 f5 34. Kd4 Kf6 35. Ke3 b6 36. a5 1/2-1/2

[Event "Tradewise Gibraltar Chess Festival 2013"]
[Site "Gibraltar ENG"]
[Date "2013.01.24"]
[Round "3.12"]
[White "Swiercz, Dariusz"]
[Black "Hoang, Thanh Trang"]
[Result "1-0"]
[WhiteElo "2627"]
[BlackElo "2469"]
[PlyCount "65"]
[EventDate "2013.01.22"]
[EventType "swiss"]
[EventRounds "10"]
[EventCountry "ENG"]
[Source "lmi"]
[SourceDate "2013.01.22"]

1. Nf3 f5 2. d3 g6 3. e4 fxe4 4. dxe4 Bg7 5. Bc4 e6 6. Bg5 Ne7 7. Nc3 h6 8. Be3
Nbc6 9. Qd2 g5 10. O-O-O Ng6 11. h4 gxh4 12. g3 h3 13. Rxh3 d5 14. Qe2 Bxc3 15.
bxc3 Qe7 16. Bd3 d4 17. e5 Ngxe5 18. Nxe5 Nxe5 19. Bxd4 Nxd3+ 20. Rxd3 Rh7 21.
Qe4 Qg5+ 22. Re3 Rf7 23. f4 Qf5 24. Rxh6 Qxe4 25. Rxe4 Bd7 26. Bf6 Rf8 27. f5
Kf7 28. Bd4 e5 29. Rh7+ Kg8 30. Rxd7 exd4 31. g4 dxc3 32. Rxc7 Rac8 33. Ree7
1-0

[Event "Tradewise Gibraltar Chess Festival 2013"]
[Site "Gibraltar ENG"]
[Date "2013.01.24"]
[Round "3.13"]
[White "Muzychuk, Mariya"]
[Black "Jussupow, Artur"]
[Result "1/2-1/2"]
[WhiteElo "2471"]
[BlackElo "2611"]
[PlyCount "73"]
[EventDate "2013.01.22"]
[EventType "swiss"]
[EventRounds "10"]
[EventCountry "ENG"]
[Source "lmi"]
[SourceDate "2013.01.22"]

1. e4 e5 2. Nf3 Nf6 3. Nxe5 d6 4. Nf3 Nxe4 5. Nc3 Nf6 6. d4 Be7 7. Bd3 Bg4 8.
h3 Bh5 9. Be3 Nbd7 10. Qe2 Nb6 11. O-O-O c6 12. g4 Bg6 13. Nh4 Bxd3 14. Rxd3
O-O 15. Nf5 Nfd5 16. Nxd5 Nxd5 17. c4 Nxe3 18. Nxe7+ Qxe7 19. Rxe3 Qg5 20. Re1
f5 21. f3 fxg4 22. fxg4 Rae8 23. Kc2 Rxe3 24. Qxe3 Qxe3 25. Rxe3 Rf2+ 26. Kc3
Kf7 27. d5 cxd5 28. cxd5 Rh2 29. a4 Kf6 30. Re6+ Kf7 31. Re3 b6 32. b4 a6 33.
Kc4 Rc2+ 34. Kb3 Rh2 35. Kc4 Rc2+ 36. Kb3 Rh2 37. Kc4 1/2-1/2

[Event "Tradewise Gibraltar Chess Festival 2013"]
[Site "Gibraltar ENG"]
[Date "2013.01.24"]
[Round "3.14"]
[White "Salgado Lopez, Ivan"]
[Black "Akesson, Ralf"]
[Result "1-0"]
[WhiteElo "2606"]
[BlackElo "2441"]
[PlyCount "77"]
[EventDate "2013.01.22"]
[EventType "swiss"]
[EventRounds "10"]
[EventCountry "ENG"]
[Source "lmi"]
[SourceDate "2013.01.22"]

1. e4 c6 2. Nc3 d5 3. Nf3 Bg4 4. h3 Bxf3 5. Qxf3 e6 6. d4 Nf6 7. Bd3 dxe4 8.
Nxe4 Nxe4 9. Qxe4 Qd5 10. Qe3 Nd7 11. O-O Nf6 12. c4 Qd7 13. Rd1 Be7 14. Be2
O-O 15. Qb3 Qc7 16. Bf3 Rfd8 17. Be3 Rd7 18. Rd3 Rad8 19. Rad1 h6 20. g3 e5 21.
dxe5 Rxd3 22. Rxd3 Rxd3 23. Qxd3 Qxe5 24. Qb3 b6 25. Bxc6 Bc5 26. Bxc5 Qxc5 27.
Bf3 Qd4 28. Qc2 Nd7 29. Bd5 Ne5 30. Qe2 a5 31. b3 Kf8 32. Qh5 Ke7 33. Kg2 Kf6
34. Qe2 g6 35. Qe4 Qd2 36. a3 g5 37. Qh7 Nd3 38. Qxf7+ Ke5 39. Qe6+ 1-0

[Event "Tradewise Gibraltar Chess Festival 2013"]
[Site "Gibraltar ENG"]
[Date "2013.01.24"]
[Round "3.15"]
[White "Kurmann, Oliver"]
[Black "Ehlvest, Jaan"]
[Result "1/2-1/2"]
[WhiteElo "2456"]
[BlackElo "2603"]
[PlyCount "108"]
[EventDate "2013.01.22"]
[EventType "swiss"]
[EventRounds "10"]
[EventCountry "ENG"]
[Source "lmi"]
[SourceDate "2013.01.22"]

1. e4 e5 2. Nf3 Nc6 3. Bc4 Nf6 4. d3 h6 5. O-O d6 6. c3 g6 7. d4 Qe7 8. Re1 Bg7
9. Nbd2 O-O 10. h3 Qd8 11. Bb3 Re8 12. Bc2 Bd7 13. a3 a5 14. Nf1 a4 15. Ng3 b5
16. Be3 Na5 17. Nd2 Nh7 18. f4 exf4 19. Bxf4 c5 20. dxc5 dxc5 21. e5 Ng5 22.
Nge4 Bxe5 23. Bxe5 Rxe5 24. Nf3 Nxf3+ 25. Qxf3 Bc6 26. Qf4 Re6 27. Nxc5 Qd5 28.
Qf2 Rf6 29. Be4 Rxf2 30. Bxd5 Rxb2 31. Bxc6 Nxc6 32. Reb1 Rc2 33. Rxb5 Rxc3 34.
Ne4 Re3 35. Nf6+ Kg7 36. Nd5 Rd3 37. Rc5 Nd4 38. Ra2 Ne6 39. Rb5 Ra6 40. Kh2
Rb3 41. Nb4 Ra7 42. Re5 h5 43. Re4 Rd7 44. Na6 g5 45. Rxa4 Rb1 46. Ra5 h4 47.
Nc5 Rdd1 48. Nxe6+ fxe6 49. g4 Rh1+ 50. Kg2 Rbg1+ 51. Kf2 Rg3 52. Re2 Rh2+ 53.
Kf1 Rxe2 54. Kxe2 Kf6 1/2-1/2

[Event "Tradewise Gibraltar Chess Festival 2013"]
[Site "Gibraltar ENG"]
[Date "2013.01.24"]
[Round "3.16"]
[White "Womacka, Mathias"]
[Black "Sandipan, Chanda"]
[Result "1/2-1/2"]
[WhiteElo "2442"]
[BlackElo "2590"]
[PlyCount "104"]
[EventDate "2013.01.22"]
[EventType "swiss"]
[EventRounds "10"]
[EventCountry "ENG"]
[Source "lmi"]
[SourceDate "2013.01.22"]

1. e4 c5 2. Nf3 d6 3. d4 cxd4 4. Nxd4 Nf6 5. Nc3 a6 6. Be2 e6 7. O-O Be7 8. f4
O-O 9. Kh1 Qc7 10. a4 Nc6 11. Be3 Nxd4 12. Qxd4 Bd7 13. e5 Ne8 14. Bf3 Bc6 15.
Ne4 Rc8 16. a5 Bxe4 17. Bxe4 d5 18. Bd3 Bc5 19. Qxc5 Qxc5 20. Bxc5 Rxc5 21. Ra4
f6 22. Rb4 fxe5 23. fxe5 Rxf1+ 24. Bxf1 Rxc2 25. Rxb7 Nc7 26. Kg1 d4 27. b4 Rc3
28. Kf2 h5 29. h4 Kh7 30. Rxc7 Rxc7 31. Bxa6 Rc2+ 32. Ke1 Rxg2 33. Bb7 Rb2 34.
a6 Rxb4 35. a7 Ra4 36. a8=Q Rxa8 37. Bxa8 g5 38. hxg5 Kg6 39. Ke2 Kxg5 40. Kd3
Kf4 41. Kxd4 h4 42. Bg2 Kg3 43. Bc6 Kf4 44. Bd7 Kf5 45. Bb5 h3 46. Bf1 h2 47.
Bg2 Kf4 48. Be4 Kg3 49. Ke3 Kg4 50. Bg2 Kf5 51. Kd4 Kf4 52. Bh1 Kf5 1/2-1/2

[Event "Tradewise Gibraltar Chess Festival 2013"]
[Site "Gibraltar ENG"]
[Date "2013.01.24"]
[Round "3.18"]
[White "Zhou, Yang-Fan"]
[Black "Muzychuk, Anna"]
[Result "1/2-1/2"]
[WhiteElo "2439"]
[BlackElo "2582"]
[PlyCount "60"]
[EventDate "2013.01.22"]
[EventType "swiss"]
[EventRounds "10"]
[EventCountry "ENG"]
[Source "lmi"]
[SourceDate "2013.01.22"]

1. e4 c5 2. Nf3 Nc6 3. Bb5 g6 4. Bxc6 bxc6 5. O-O Bg7 6. Re1 Nf6 7. e5 Nd5 8.
c4 Nc7 9. d4 cxd4 10. Qxd4 O-O 11. Qh4 f6 12. Bh6 g5 13. Qh5 Ne6 14. exf6 exf6
15. Bxg7 Kxg7 16. g3 Rb8 17. b3 d5 18. Nc3 d4 19. Rad1 c5 20. Nd5 a5 21. h4 h6
22. Kg2 Bd7 23. hxg5 hxg5 24. Rh1 Rh8 25. Qxh8+ Qxh8 26. Rxh8 Rxh8 27. Nd2 f5
28. Nf3 Bc6 29. Re1 Re8 30. Kf1 a4 1/2-1/2

[Event "Tradewise Gibraltar Chess Festival 2013"]
[Site "Gibraltar ENG"]
[Date "2013.01.24"]
[Round "3.19"]
[White "Fenollar Jorda, Manuel"]
[Black "Felgaer, Ruben"]
[Result "1/2-1/2"]
[WhiteElo "2325"]
[BlackElo "2557"]
[PlyCount "113"]
[EventDate "2013.01.22"]
[EventType "swiss"]
[EventRounds "10"]
[EventCountry "ENG"]
[Source "lmi"]
[SourceDate "2013.01.22"]

1. d4 d6 2. Nf3 Nf6 3. c4 g6 4. Nc3 Bg7 5. e4 O-O 6. Be2 Na6 7. Bg5 h6 8. Be3
Ng4 9. Bc1 e5 10. h3 exd4 11. Nxd4 Nf6 12. O-O Nc5 13. Bf3 Re8 14. Re1 Nh7 15.
Nb3 Ng5 16. Nxc5 dxc5 17. Qxd8 Rxd8 18. Nd5 Nxf3+ 19. gxf3 Bxh3 20. Nxc7 Rac8
21. Nd5 Re8 22. Bd2 Be6 23. Rac1 f6 24. Bc3 Kf7 25. Kg2 g5 26. f4 gxf4 27. b3
h5 28. Bd2 f5 29. Nxf4 Bh6 30. exf5 Rg8+ 31. Kh2 Bxf5 32. Rg1 Bg4 33. Be3 Rce8
34. Rce1 Bf8 35. Nd5 Re4 36. f3 Bd6+ 37. Kg2 Bf5+ 38. Kf2 Rxg1 39. Rxg1 Rh4 40.
Bd2 Rh2+ 41. Rg2 Rxg2+ 42. Kxg2 h4 43. f4 Ke6 44. Kf3 h3 45. Kg3 b5 46. a3 a6
47. Ba5 Kd7 48. Bc3 Be6 49. Bd2 Kc6 50. Nc3 b4 51. axb4 cxb4 52. Ne2 Bc5 53. f5
Bxf5 54. Bxb4 Bc2 55. Bc3 Kd7 56. Nd4 Bxd4 57. Bxd4 1/2-1/2

[Event "Tradewise Gibraltar Chess Festival 2013"]
[Site "Gibraltar ENG"]
[Date "2013.01.24"]
[Round "3.20"]
[White "Dzagnidze, Nana"]
[Black "Trent, Lawrence"]
[Result "1-0"]
[WhiteElo "2555"]
[BlackElo "2429"]
[PlyCount "57"]
[EventDate "2013.01.22"]
[EventType "swiss"]
[EventRounds "10"]
[EventCountry "ENG"]
[Source "lmi"]
[SourceDate "2013.01.22"]

1. d4 Nf6 2. c4 c5 3. d5 e6 4. Nc3 exd5 5. cxd5 d6 6. Nf3 g6 7. h3 Bg7 8. Bf4
O-O 9. e3 a6 10. a4 Nh5 11. Bh2 f5 12. Be2 Qe7 13. Nd2 f4 14. O-O fxe3 15. Nc4
exf2+ 16. Kh1 Qh4 17. Bxh5 Qxc4 18. Bxd6 Qh4 19. Bxf8 Bxf8 20. Bg4 Bd6 21. Ne4
h5 22. Be6+ Bxe6 23. dxe6 Be5 24. Rxf2 Nc6 25. Qf3 Qe7 26. Qf7+ Qxf7 27. exf7+
Kg7 28. Nxc5 Nd4 29. f8=Q+ 1-0

[Event "Tradewise Gibraltar Chess Festival 2013"]
[Site "Gibraltar ENG"]
[Date "2013.01.24"]
[Round "3.21"]
[White "Ibarra Jerez, Jose Carlos"]
[Black "Teran Alvarez, Ismael"]
[Result "1/2-1/2"]
[WhiteElo "2538"]
[BlackElo "2399"]
[PlyCount "134"]
[EventDate "2013.01.22"]
[EventType "swiss"]
[EventRounds "10"]
[EventCountry "ENG"]
[Source "lmi"]
[SourceDate "2013.01.22"]

1. e4 Nf6 2. e5 Nd5 3. c4 Nb6 4. d4 d6 5. exd6 exd6 6. Nc3 Nc6 7. d5 Ne5 8. f4
Ned7 9. Nf3 Be7 10. Be3 O-O 11. Nd4 Re8 12. Qf3 Bf6 13. O-O-O Nc5 14. Bf2 Nba4
15. Nxa4 Nxa4 16. Bd3 Bd7 17. Bc2 Qe7 18. Rd2 Nb6 19. Qd3 g6 20. h4 c5 21. dxc6
bxc6 22. h5 c5 23. Re2 Qf8 24. hxg6 hxg6 25. Rxe8 Rxe8 26. f5 Qg7 27. fxg6 fxg6
28. Qxg6 Bxd4 29. Bxd4 cxd4 30. Qxd6 Nxc4 31. Qc5 Ne3 32. Bh7+ Kf7 33. Qxa7
Qxg2 34. Qxd7+ Re7 35. Qh3 Rc7+ 36. Kb1 Qxh3 37. Rxh3 Kf6 38. Bd3 Ke5 39. Rh5+
Kf4 40. Rh4+ Ke5 41. a4 Ng2 42. Re4+ Kd5 43. a5 Rf7 44. a6 Kc5 45. b3 Ne3 46.
Ka2 Nd1 47. Re5+ Kb6 48. Re6+ Kc5 49. Ka3 Nf2 50. Bg6 Ra7 51. b4+ Kd5 52. Rb6
d3 53. b5 d2 54. Bc2 Kc5 55. Rb7 Ra8 56. a7 d1=Q 57. Bxd1 Nxd1 58. Ka4 Nc3+ 59.
Ka5 Rxa7+ 60. Rxa7 Nxb5 61. Rh7 Nc3 62. Rc7+ Kd4 63. Rc8 Nd5 64. Kb5 Nc3+ 65.
Kc6 Kc4 66. Kd6+ Kd4 67. Rxc3 Kxc3 1/2-1/2

[Event "Tradewise Gibraltar Chess Festival 2013"]
[Site "Gibraltar ENG"]
[Date "2013.01.24"]
[Round "3.22"]
[White "Nuri, Kambez"]
[Black "Jakubiec, Artur"]
[Result "0-1"]
[WhiteElo "2241"]
[BlackElo "2518"]
[PlyCount "124"]
[EventDate "2013.01.22"]
[EventType "swiss"]
[EventRounds "10"]
[EventCountry "ENG"]
[Source "lmi"]
[SourceDate "2013.01.22"]

1. e4 c5 2. Nf3 d6 3. d4 cxd4 4. Nxd4 Nf6 5. Nc3 a6 6. Be3 e5 7. Nb3 Be7 8. f3
Be6 9. Qd2 O-O 10. O-O-O Qc7 11. g4 Rc8 12. Kb1 d5 13. exd5 Nxd5 14. Nxd5 Bxd5
15. Qf2 Qc6 16. Bd3 a5 17. Bf5 Re8 18. Nd2 Na6 19. Ne4 Be6 20. Bxe6 Qxe6 21.
Nc5 Bxc5 22. Bxc5 e4 23. fxe4 Nxc5 24. Qxc5 Qxg4 25. e5 Qe6 26. Rhe1 b6 27. Qf2
Rad8 28. Rd3 h6 29. a3 b5 30. Qd2 Rxd3 31. cxd3 Qd5 32. d4 b4 33. a4 Rc8 34.
Rc1 Qe4+ 35. Ka2 Rd8 36. Rd1 Qd5+ 37. b3 g6 38. Qc2 Qe6 39. Rd2 Rc8 40. Qd1 Qd5
41. Kb2 Kf8 42. Rd3 Rc6 43. Qd2 g5 44. Qf2 Qh1 45. Qd2 Qe4 46. Ka2 Qd5 47. Kb2
Qe4 48. Ka2 Rc1 49. Qxc1 Qxd3 50. Qb2 g4 51. Qf2 Ke8 52. Qg2 Qxd4 53. Qc6+ Qd7
54. Qxh6 Qf5 55. Qc6+ Kf8 56. Qa8+ Kg7 57. Qg2 Kh6 58. Qe2 Kg5 59. Qd2+ Kh5 60.
Qe2 Qf3 61. Qc2 Kg5 62. Kb2 Qf4 0-1

[Event "Tradewise Gibraltar Chess Festival 2013"]
[Site "Gibraltar ENG"]
[Date "2013.01.24"]
[Round "3.23"]
[White "Ivanchuk, Vassily"]
[Black "Forsaa, Espen"]
[Result "1-0"]
[WhiteElo "2758"]
[BlackElo "2305"]
[PlyCount "57"]
[EventDate "2013.01.22"]
[EventType "swiss"]
[EventRounds "10"]
[EventCountry "ENG"]
[Source "lmi"]
[SourceDate "2013.01.22"]

1. e4 e6 2. d4 d5 3. Nc3 Bb4 4. Nge2 dxe4 5. a3 Bxc3+ 6. Nxc3 Nf6 7. Bg5 h6 8.
Bh4 Nc6 9. Bb5 Bd7 10. O-O a6 11. Bc4 g5 12. Bg3 Ne7 13. f3 e3 14. Ne4 Ng6 15.
Re1 Bc6 16. Rxe3 Qe7 17. Nxf6+ Qxf6 18. Bxc7 Rc8 19. Bd6 Qd8 20. Bb4 Nf4 21.
Bf1 a5 22. Be1 O-O 23. c4 a4 24. Bb4 Re8 25. Qd2 Qd7 26. Rae1 Ng6 27. Bc3 b5
28. d5 exd5 29. Qd4 1-0

[Event "Tradewise Gibraltar Chess Festival 2013"]
[Site "Gibraltar ENG"]
[Date "2013.01.24"]
[Round "3.25"]
[White "Shirov, Alexei"]
[Black "Karavade, Eesha"]
[Result "1/2-1/2"]
[WhiteElo "2708"]
[BlackElo "2391"]
[PlyCount "86"]
[EventDate "2013.01.22"]
[EventType "swiss"]
[EventRounds "10"]
[EventCountry "ENG"]
[Source "lmi"]
[SourceDate "2013.01.22"]

1. e4 c5 2. Nf3 d6 3. d4 cxd4 4. Nxd4 Nf6 5. Nc3 a6 6. h3 e6 7. g4 Be7 8. Bg2
Nfd7 9. Be3 Nc6 10. Qe2 O-O 11. O-O-O Nxd4 12. Bxd4 b5 13. e5 d5 14. f4 Bb7 15.
Qe3 b4 16. Ne2 a5 17. f5 Rc8 18. Nf4 Qc7 19. Rd2 Bg5 20. h4 Bxf4 21. Qxf4 f6
22. Re1 exf5 23. Qxf5 fxe5 24. Bxe5 Nxe5 25. Qxe5 Qc4 26. Bxd5+ Bxd5 27. Qxd5+
Qxd5 28. Rxd5 Rf2 29. Rd2 Rf4 30. Rg2 Rcc4 31. Reg1 g6 32. b3 Rce4 33. Kb2 Kg7
34. h5 g5 35. a4 Kh6 36. c4 bxc3+ 37. Kc2 Rb4 38. Rg3 Rbd4 39. Kxc3 Rb4 40.
R1g2 Rfe4 41. Kb2 Rf4 42. Ka3 Rfe4 43. Rg1 Rf4 1/2-1/2

[Event "Tradewise Gibraltar Chess Festival 2013"]
[Site "Gibraltar ENG"]
[Date "2013.01.24"]
[Round "3.26"]
[White "Jones, Richard S"]
[Black "Sutovsky, Emil"]
[Result "0-1"]
[WhiteElo "2393"]
[BlackElo "2684"]
[PlyCount "76"]
[EventDate "2013.01.22"]
[EventType "swiss"]
[EventRounds "10"]
[EventCountry "ENG"]
[Source "lmi"]
[SourceDate "2013.01.22"]

1. e4 c5 2. Nf3 d6 3. d4 cxd4 4. Nxd4 Nf6 5. Nc3 a6 6. Bc4 e6 7. Bb3 Nbd7 8.
Bg5 Nc5 9. f4 Be7 10. Qf3 Qc7 11. O-O O-O 12. Rae1 Nxb3 13. Nxb3 b5 14. e5 Bb7
15. Qe2 Nd5 16. Bxe7 Nxe7 17. exd6 Qxd6 18. Rd1 Qc7 19. a3 Nf5 20. Qf2 Rac8 21.
Nd4 Nd6 22. Rd3 Rfd8 23. Rg3 Be4 24. h4 Nf5 25. Nxe4 Rxd4 26. Rc3 Qd8 27. Rxc8
Qxc8 28. Ng3 Nxg3 29. Qxg3 Qxc2 30. f5 Qc5 31. b4 Rxb4+ 32. Kh2 Rc4 33. Rd1 h5
34. f6 Rg4 35. Rd8+ Kh7 36. Qd3+ g6 37. g3 Qf2+ 38. Kh3 Qxf6 0-1

[Event "Tradewise Gibraltar Chess Festival 2013"]
[Site "Gibraltar ENG"]
[Date "2013.01.24"]
[Round "3.28"]
[White "Georgiadis, Nico"]
[Black "Bartel, Mateusz"]
[Result "1/2-1/2"]
[WhiteElo "2369"]
[BlackElo "2629"]
[PlyCount "106"]
[EventDate "2013.01.22"]
[EventType "swiss"]
[EventRounds "10"]
[EventCountry "ENG"]
[Source "lmi"]
[SourceDate "2013.01.22"]

1. e4 e5 2. Nf3 Nc6 3. Bb5 Nf6 4. Qe2 Bd6 5. c3 O-O 6. d3 Re8 7. Bg5 h6 8. Bh4
a6 9. Ba4 Be7 10. Nbd2 d6 11. Nf1 Nd7 12. Bxe7 Nxe7 13. Ne3 Ng6 14. g3 c6 15.
Bc2 Nc5 16. h4 d5 17. exd5 cxd5 18. d4 e4 19. Nd2 Ne6 20. O-O-O b5 21. Nb3 Rb8
22. f3 b4 23. fxe4 bxc3 24. bxc3 dxe4 25. h5 Ngf8 26. d5 Ng5 27. c4 Nd7 28. Qd2
Qb6 29. Qc3 Nc5 30. Qd4 Nxb3+ 31. axb3 Qb4 32. Kb2 Nf3 33. Qc3 Qc5 34. Ra1 Rb4
35. Rhd1 a5 36. d6 Bb7 37. Nd5 Qxd6 38. Nxb4 axb4 39. Rxd6 bxc3+ 40. Kxc3 e3
41. Bd3 e2 42. Bxe2 Rxe2 43. Ra7 Be4 44. Rd8+ Kh7 45. Rxf7 Rc2+ 46. Kb4 Ne5 47.
Re8 Nxf7 48. Rxe4 Nd6 49. Re6 Nf5 50. g4 Nd4 51. Re4 Ne2 52. Kc5 Kg8 53. b4 Kf7
1/2-1/2

[Event "Tradewise Gibraltar Chess Festival 2013"]
[Site "Gibraltar ENG"]
[Date "2013.01.24"]
[Round "3.29"]
[White "David, Alberto"]
[Black "Montero Melendez, Rafael"]
[Result "1-0"]
[WhiteElo "2599"]
[BlackElo "2316"]
[PlyCount "111"]
[EventDate "2013.01.22"]
[EventType "swiss"]
[EventRounds "10"]
[EventCountry "ENG"]
[Source "lmi"]
[SourceDate "2013.01.22"]

1. c4 c5 2. Nf3 Nf6 3. Nc3 e6 4. g3 b6 5. Bg2 Bb7 6. O-O Be7 7. Re1 O-O 8. e4
d6 9. d4 cxd4 10. Nxd4 Qc8 11. Be3 Nc6 12. Ndb5 Qb8 13. f4 Rc8 14. Rc1 Na5 15.
b3 Nc6 16. Qe2 a6 17. Nd4 Nxd4 18. Bxd4 Bc6 19. a4 Nd7 20. Rcd1 Nc5 21. Rb1 Ra7
22. f5 e5 23. Bf2 Rb7 24. Bf1 Bd8 25. Qd1 a5 26. h4 Qc7 27. Rb2 Be7 28. Bh3 Rf8
29. Qf3 Qd8 30. Rd1 Kh8 31. Be3 Rg8 32. Rf1 Rc7 33. Kh2 Qa8 34. Bg2 Rd7 35. Bc1
Rdd8 36. g4 f6 37. g5 g6 38. gxf6 Bxf6 39. fxg6 Rdf8 40. gxh7 Rg6 41. h5 Bg7
42. hxg6 Rxf3 43. Rxf3 Nxe4 44. Nxe4 Bxe4 45. Rh3 Bxg2 46. Rxg2 Qf8 47. Be3 Qf6
48. Rhg3 Qh4+ 49. Kg1 Qe4 50. Bxb6 Qe1+ 51. Kh2 e4 52. Rf2 Qd1 53. Be3 d5 54.
cxd5 Qxd5 55. Rd2 Qa8 56. Bg5 1-0